Localités du Canton de Neuchâtel - Statistiques

Statistiques générales
  • Ce quiz a été pris 254 fois
    216 depuis la dernière actualisation
  • Le résultat moyen est 43 sur 84
Réponses sur la Carte
Les réponses sont colorées sur une échelle allant du rouge au vert en fonction du pourcentage des utilisateurs qui les ont devinées à leur premier essai. Vous pouvez retrouver ces pourcentages ci-dessous.
 
Statistiques - réponses
Habitants Commune % Correct
33 527 Neuchâtel
97%
36 777 La Chaux-de-Fonds
96%
9 736 Le Locle
93%
5 418 Boudry
91%
4 649 Marin-Epagnier
88%
5 596 Colombier
85%
4 795 Cortaillod
83%
4 640 Le Landeron
83%
3 275 Saint-Blaise
82%
1 530 Auvernier
80%
2 669 Hauterive
78%
3 758 Bevaix
74%
5 800 Peseux
74%
1 900 Cressier
73%
369 La Brévine
73%
3 370 Fleurier
71%
1 074 La Sagne
71%
2 621 Saint-Aubin-Sauges
70%
1 131 Travers
67%
2 059 Les Geneveys- sur-Coffrane
65%
542 Rochefort
64%
2 645 Cernier
63%
2 962 Corcelles
63%
1 624 Cornaux
63%
1 108 Les Ponts-de-Martel
63%
738 Coffrane
61%
961 Les Hauts-Geneveys
61%
298 Vaumarcus
61%
643 Les Verrières
60%
486 Noiraigue
60%
2 903 Couvet
59%
1 563 Dombresson
59%
1 549 Fontainemelon
59%
493 La Chaux-du-Milieu
59%
425 Chaumont
58%
1 911 Cormondrèche
58%
1 073 Lignières
58%
524 Valangin
58%
483 La Côte-aux-Fées
57%
2 051 Bôle
54%
990 Gorgier
54%
364 Chambrelien
51%
881 Areuse
50%
1 068 Fontaines
50%
784 Môtiers
50%
1 172 Savagnier
49%
335 Thielle
49%
925 Boudevilliers
48%
552 Buttes
48%
285 Vilars
48%
1 859 Chézard-Saint-Martin
47%
271 Enges
47%
1 031 Les Brenets
47%
546 Wavre
45%
750 Montmollin
43%
330 Fenin
42%
108 Engollon
41%
153 La Vue-des-Alpes
41%
244 Le Pâquier
40%
198 Les Planchettes
40%
278 Le Cerneux-Péquignot
39%
33 Brot-Dessous
38%
563 Villiers
36%
592 Saint-Sulpice
35%
240 Saules
35%
338 Boveresse
32%
924 Chez-le-Bart
32%
333 Le Crêt-du-Locle
32%
312 Brot-Plamboz
30%
238 Montalchez
30%
305 Montezillon
30%
45 Champ-du-Moulin
29%
361 Les Bayards
29%
256 Fresens
26%
116 La Cibourg
23%
57 Les Taillères
21%
197 Les Vieux-Près
21%
77 Mont-de-Buttes
20%
51 Les Sagnettes
17%
23 Fretereules
16%
128 Le Prévoux
14%
120 Petit-Martel
13%
95 La Châtagne
12%
129 Le Brouillet
9%
Aucun quiz correspondant
Distribution des résultats
% des personnes avec chaque résultat
Percentile par nombre de réponses
Votre historique - résultats
Vous n’avez pas pris ce quiz depuis la dernière actualisation